Development of Aluminum Based Material To Improve Properties (Record no. 66755)

MARC details
000 -LEADER
fixed length control field 00329nam a22001217a 4500
082 ## - DEWEY DECIMAL CLASSIFICATION NUMBER
Classification number R/3ME17
100 ## - MAIN ENTRY--AUTHOR NAME
Personal name Muhammad Iqbal
-- 17ME36
245 ## - TITLE STATEMENT
Title Development of Aluminum Based Material To Improve Properties
260 ## - PUBLICATION, DISTRIBUTION, ETC. (IMPRINT)
Place of publication Nawabshah
Name of publisher QUEST
Year of publication 2020
300 ## - PHYSICAL DESCRIPTION
Number of Pages 55
700 ## - ADDED ENTRY--PERSONAL NAME
Personal name Department of Mechanical Engineering
942 ## - ADDED ENTRY ELEMENTS (KOHA)
Koha item type Thesis and Dissertation
Holdings
Withdrawn status Lost status Home library Current library Date acquired Accession Number Koha item type
    Research Section Research Section 06/01/2021 MEP/34-426 Thesis and Dissertation